| 000 | 00513nam a2200169 i 4500 | ||
|---|---|---|---|
| 001 | 92359 | ||
| 003 | ES-MaACL | ||
| 007 | t| | ||
| 008 | 050307s1937 sp ||||1| spa d | ||
| 100 | 1 |
_aLiger, E. _972269 |
|
| 245 | 1 | 0 |
_aGuía práctica de topografía usual / _cpor E. Liger; traducida por José María Mantero. |
| 250 | _a3ª ed. | ||
| 260 |
_aBarcelona : _b[S.A.D.A.G.], _c1937. |
||
| 300 |
_a146 p. : _b1 plano ; _c19 cm. |
||
| 700 | 1 |
_aMantero, José María. _976154 |
|
| 852 |
_aES-MaACL _jB-9482 _bR.18436 |
||
| 999 |
_c92359 _d92359 |
||